UM Logo

Gender, information technology, and health/ (Record no. 2600)

MARC details
000 -LEADER
fixed length control field 00670nam a22002057a 4500
003 - CONTROL NUMBER IDENTIFIER
control field OSt
005 - DATE AND TIME OF LATEST TRANSACTION
control field 20160518193131.0
008 - FIXED-LENGTH DATA ELEMENTS--GENERAL INFORMATION
fixed length control field 160518b xxu||||| |||| 00| 0 eng d
020 ## - INTERNATIONAL STANDARD BOOK NUMBER
International Standard Book Number 971-542-482-1
040 ## - CATALOGING SOURCE
Transcribing agency LIc
082 ## - DEWEY DECIMAL CLASSIFICATION NUMBER
Edition number 2005
Classification number DFil 305.4221
Item number L96g
100 ## - MAIN ENTRY--PERSONAL NAME
9 (RLIN) 8580
Personal name Lu, Jinky Leilani Del Prado
245 ## - TITLE STATEMENT
Title Gender, information technology, and health/
Statement of responsibility, etc. Jinky Leilanie Del Prado-Lu
260 ## - PUBLICATION, DISTRIBUTION, ETC. (IMPRINT)
Place of publication, distribution, etc. Quezon City:
Name of publisher, distributor, etc. The University of the Philippines Press,
Date of publication, distribution, etc. c2005.
300 ## - PHYSICAL DESCRIPTION
Extent 219 pages;
Dimensions 23 cm.
500 ## - GENERAL NOTE
General note Includes references.
650 #0 - SUBJECT ADDED ENTRY--TOPICAL TERM
9 (RLIN) 8581
Topical term or geographic name as entry element Women electronic industry workers
650 #0 - SUBJECT ADDED ENTRY--TOPICAL TERM
9 (RLIN) 8582
Topical term or geographic name as entry element Health and hygiene
Geographic subdivision Philippines
942 ## - ADDED ENTRY ELEMENTS (KOHA)
Source of classification or shelving scheme Dewey Decimal Classification
Koha item type Filipiniana
Holdings
Withdrawn status Lost status Source of classification or shelving scheme Damaged status Not for loan Collection code Home library Current library Date acquired Source of acquisition Total Checkouts Full call number Barcode Date last seen Price effective from Koha item type
    Dewey Decimal Classification     Filipiniana UM Digos College - LIC UM Digos College - LIC 05/24/2006 Purchased   DFil 305.4221 L96g 2005 18575 05/15/2025 05/19/2016 Filipiniana